Las que rien y las que lloran (Record no. 154565)

MARC details
000 -LEADER
campo de control de longitud fija 00889nam a22001695i 4500
001 - NÚMERO DE CONTROL
campo de control 154565
003 - IDENTIFICADOR DE NÚMERO DE CONTROL
campo de control ES-MaACL
005 - FECHA Y HORA DE LA ÚLTIMA TRANSACCIÓN
campo de control 20230906205759.0
008 - DATOS DE LONGITUD FIJA--INFORMACIÓN GENERAL
campo de control de longitud fija 020313s1890 sp |||| | spa d
040 ## - FUENTE DE CATALOGACIÓN
Centro catalogador/agencia de origen CAM
Lengua de catalogación spa
Centro/agencia transcriptor CAM
100 1# - ENTRADA PRINCIPAL--NOMBRE DE PERSONA
Nombre de persona González de Mesa, Narciso.
9 (RLIN) 127443
245 10 - MENCIÓN DEL TÍTULO
Título Las que rien y las que lloran
Resto del título : drama en cuatro actos y en prosa /
Mención de responsabilidad, etc. por Narciso Gonzalez de Mesa.
260 ## - PUBLICACIÓN, DISTRIBUCIÓN, ETC.
Lugar de publicación, distribución, etc. Madrid :
Nombre del editor, distribuidor, etc. [s.n.],
Fecha de publicación, distribución, etc. 1890 (
Fabricante Imprenta de José Rodríguez)
300 ## - DESCRIPCIÓN FÍSICA
Extensión 94 p. ;
Dimensiones 19 cm.
596 #1 - NOTA AL PIE DE IMPRENTA
NOTA AL PIE DE IMPRENTA Al v. de port. consta : "... Galería lírico-dramática titulada El Teatro, de Florencio Fiscowich..."
852 ## - LOCALIZACIÓN
Ubicación ES-MaACL
Número de control de estantería T-580-F-5
Nota libre -- Enc. hol., conservando la cub. original
-- -- Enc. en un vol. facticio
Encuadernación -- Edic.: añadir en T260 [Florencio Fiscowich, editor] -- T440 (El teatro : colección de obras dramáticas y líricas) -- T596 Dato de ed. y serie constan en la cub.
Holdings
Estatus retirado Estado de pérdida Estado de daño No para préstamo Colección Biblioteca de origen Biblioteca actual Ubicación en estantería Fecha de adquisición Total de préstamos Signatura topográfica completa Código de barras Visto por última vez Precio de reemplazo Tipo de ítem Koha
        Colección de folletos Biblioteca del Ateneo de Madrid Biblioteca del Ateneo de Madrid Depósito folletos 17/01/2008   T-580-F-5 1161654 23/02/2023 23/02/2023 Folleto